|
|
|
|
| LEADER |
00000nam0a2200000 4500 |
| 001 |
213237 |
| 005 |
20231101225816.0 |
| 010 |
|
|
|a 5217006315
|
| 035 |
|
|
|a (RuTPU)RU\TPU\book\233007
|
| 090 |
|
|
|a 213237
|
| 100 |
|
|
|a 20120407d1989 m y0rusy50 ca
|
| 101 |
0 |
|
|a rus
|
| 102 |
|
|
|a RU
|
| 105 |
|
|
|a a z 001zd
|
| 200 |
1 |
|
|a Конструктор
|e документальная повесть
|f П. Я. Козлов
|
| 210 |
|
|
|a Москва
|c Машиностроение
|d 1989
|
| 215 |
|
|
|a 184 с.
|c ил.
|
| 320 |
|
|
|a Библиогр.: с. 187.
|
| 600 |
|
1 |
|a Мясищев
|b В. М.
|c авиаконструктор
|c доктор технических наук
|f 1902-1978
|g Владимир Михайлович
|2 stltpush
|3 (RuTPU)RU\TPU\pers\20972
|9 8647
|
| 606 |
1 |
|
|a Летательные аппараты
|2 stltpush
|3 (RuTPU)RU\TPU\subj\40060
|9 59935
|
| 610 |
1 |
|
|a история
|
| 610 |
1 |
|
|a биографии
|
| 610 |
1 |
|
|a сверхзвуковые самолеты
|
| 610 |
1 |
|
|a беспилотные летательные аппараты
|
| 675 |
|
|
|a 629.73(092)
|v 3
|
| 700 |
|
1 |
|a Козлов
|b П. Я.
|g Павел Яковлевич
|
| 801 |
|
1 |
|a RU
|b 63413507
|c 20120407
|
| 801 |
|
2 |
|a RU
|b 63413507
|c 20121112
|g RCR
|
| 942 |
|
|
|c BK
|